Psicología general /
Guardado en:
| Autor Principal: | |
|---|---|
| Otros Autores: | |
| Formato: | Libro |
| Publicado: |
Buenos Aires :
Kapelusz,
1995
|
| Series: | Serie Arquetipo
|
| Materias: | |
| Etiquetas: |
Agregar Etiqueta
Sin Etiquetas, Sea el primero en etiquetar este registro!
|
| LEADER | 01123nam a22002655a 4500 | ||
|---|---|---|---|
| 001 | CEM.cems009238 | ||
| 008 | 130507s1995##################000#0#####d | ||
| 005 | 20211018112456.0 | ||
| 003 | CEMS | ||
| 245 | 1 | 0 | |a Psicología general / |c María Cristina Davini, Silvia R. Gellon de Salluzzi, Ana Aída Rossi |
| 260 | |a Buenos Aires : |b Kapelusz, |c 1995 | ||
| 300 | |a 160 p. | ||
| 490 | 0 | |a Serie Arquetipo | |
| 500 | |a Para nivel Educación Secundaria Obligatoria | ||
| 505 | 0 | |a Conducta y personalidad como objeto de estudio de la psicología -- Aspecto energético de la conducta -- Aspecto estructurante de la conducta -- La personalidad como síntesis integradora | |
| 020 | |a 950132754X | ||
| 100 | 1 | |a Davini, María Cristina | |
| 700 | 1 | |a Gellon de Salluzzi, Silvia R. / Rossi, Ana Aída | |
| 082 | 0 | 4 | |a 150 |
| 653 | |a Psicología | ||
| 653 | |a Psicología-educación secundaria | ||
| 653 | |a Psicología-polimodal | ||
| 859 | |a CEMS |b BIB. CEMS - 11 de abril |h 150 |i D289-1 |p 19140.97 |t Ej.2 | ||
| 859 | |a CEMS |b BIB. CEMS - 11 de abril |h 150 |i D289-1 |p 18813.96 |t Ej.3 | ||
| 859 | |a CEMS |b BIB. CEMS - 11 de abril |h 150 |i D289-1 |p 19141.97 |t Ej.3 | ||
